[Event "CZE-ch rapid U20"]
[Site "Ceska Trebova"]
[Date "2020.09.19"]
[Round "3"]
[White "Jelinek, Oliver"]
[Black "Moravec, Jakub"]
[Result "0-1"]
[WhiteElo "1672"]
[BlackElo "1446"]
[PlyCount "74"]
[EventDate "2020.09.19"]
[EventType "swiss (rapid)"]
[EventRounds "9"]
[EventCountry "CZE"]
[SourceTitle "CBM 198 Extra"]
[Source "ChessBase"]
[SourceDate "2020.11.30"]
[SourceVersion "1"]
[SourceVersionDate "2020.11.30"]
[SourceQuality "1"]

1. d4 Nf6 2. c4 g6 3. Nc3 Bg7 4. e4 d6 5. Nf3 0-0 6. Bf4 Nc6 7. Be2 Nd7 8. d5 Nce5 9. 0-0 Nxf3+ 10. Bxf3 Ne5 11. Be2 c6 12. Rc1 Bd7 13. Qd2 Bc8 14. Bh6 Qa5 15. Bxg7 Kxg7 16. a3 a6 17. Kh1 c5 18. h3 f5 19. Qg5 Qc7 20. f4 Nf7 21. Qh4 Rb8 22. g4 fxg4 23. Bxg4 Bxg4 24. Qxg4 Qc8 25. Qg3 Kh8 26. Rf2 Qd7 27. Rcf1 Rg8 28. Qh4 b5 29. cxb5 axb5 30. f5 Ne5 31. f6 exf6 32. Qxf6+ Qg7 33. Qxd6 Rge8 34. Rf4 c4 35. Qc5 Nd3 36. Qc7 Nxf4 37. Rxf4 Qxc7 0-1

[Event "CZE-ch rapid U20"]
[Site "Ceska Trebova"]
[Date "2020.09.19"]
[Round "1"]
[White "Moravec, Jakub"]
[Black "Svanda, Ondrej"]
[Result "0-1"]
[WhiteElo "1446"]
[BlackElo "1973"]
[PlyCount "46"]
[EventDate "2020.09.19"]
[EventType "swiss (rapid)"]
[EventRounds "9"]
[EventCountry "CZE"]
[SourceTitle "CBM 198 Extra"]
[Source "ChessBase"]
[SourceDate "2020.11.30"]
[SourceVersion "1"]
[SourceVersionDate "2020.11.30"]
[SourceQuality "1"]

1. d4 Nf6 2. Bf4 d6 3. e3 Nbd7 4. Nf3 Nh5 5. Bg3 Nxg3 6. hxg3 g6 7. Bd3 Bg7 8. c4 c5 9. Nc3 b6 10. Qc2 Bb7 11. Be4 Bxe4 12. Qxe4 Rc8 13. Nb5 Nf6 14. Qd3 a6 15. Nc3 Qc7 16. d5 Qd7 17. a4 0-0 18. 0-0 Ng4 19. a5 Rb8 20. axb6 Rxb6 21. Ra2 Rfb8 22. Rfa1 Rxb2 23. Rxa6 Nxf2 0-1